[Event "2.BLO 1516 AE Magdeburg - Nickelhütte "]
[Site "?"]
[Date "2015.12.13"]
[Round "6.3"]
[White "Meijers, Viesturs"]
[Black "Woellermann, Jan"]
[Result "1-0"]
[WhiteElo "2446"]
[BlackElo "2310"]
[PlyCount "117"]
[EventDate "2015.??.??"]

1. Nf3 Nf6 2. g3 b5 3. Bg2 Bb7 4. O-O e6 5. b3 c5 6. c4 a6 7. Bb2 Be7 8. cxb5
axb5 9. Nc3 b4 10. Na4 d6 11. d4 Nbd7 12. dxc5 Nxc5 13. Nxc5 dxc5 14. Qxd8+
Rxd8 15. Rfc1 O-O 16. Ne5 Bxg2 17. Kxg2 Ra8 18. Nc6 Bd6 19. Be5 Bxe5 20. Nxe5
Rfc8 21. Rc4 Nd5 22. Nd3 Nc3 23. a4 Nxe2 24. Rxc5 Rxc5 25. Nxc5 Nd4 26. Rc1 Rc8
27. a5 f6 28. a6 Kf7 29. Nd3 Ra8 30. Rc7+ Kg6 31. Nc5 Nxb3 32. Nxb3 Rxa6 33.
Rb7 e5 34. Rxb4 Ra7 35. Nc5 Rc7 36. Ne4 h5 37. h4 Kf5 38. Nd6+ Ke6 39. Rb6 Rc2
40. Ra6 Rc1 41. Ne4+ Kf5 42. Kf3 Rb1 43. Nd6+ Ke6 44. Nc4+ Kf5 45. Ne3+ Kg6 46.
Ra7 Rb5 47. Rd7 Rb3 48. Kg2 Ra3 49. Nd5 Rb3 50. Ra7 Rb8 51. Ne7+ Kh7 52. Nf5
Rg8 53. Kf3 Kh8 54. Ke4 Kh7 55. Rc7 Kh8 56. Ne7 Ra8 57. Rc8+ Rxc8 58. Nxc8 g6
59. Kd5 1-0

[Event "2.BLO 1516 AE Magdeburg - Nickelhütte "]
[Site "?"]
[Date "2015.12.13"]
[Round "6.5"]
[White "Eichner, Sebastian"]
[Black "Paul, Johannes"]
[Result "0-1"]
[WhiteElo "2378"]
[BlackElo "2291"]
[PlyCount "142"]
[EventDate "2015.??.??"]

1. d4 Nf6 2. c4 e6 3. Nf3 Bb4+ 4. Nbd2 O-O 5. g3 b6 6. Bg2 Bb7 7. O-O d5 8. Qc2
Nbd7 9. e4 dxe4 10. Ng5 Bxd2 11. Bxd2 h6 12. Nxe4 Nxe4 13. Bxe4 Bxe4 14. Qxe4
Nf6 15. Qf4 Qe7 16. Rfe1 c6 17. a4 a6 18. Qf3 Rac8 19. Bc3 Rfd8 20. Re5 Rd7 21.
Rae1 Qd8 22. g4 Nh7 23. Qg3 Nf8 24. Rh5 f6 25. h4 c5 26. dxc5 bxc5 27. g5 Qe8
28. Qg4 Qg6 29. Bxf6 gxf6 30. Rxh6 Qg7 31. Rxf6 Re8 32. h5 Rd4 33. Qg2 Qh7 34.
h6 Nd7 35. Rfxe6 Rxe6 36. Rxe6 Qf5 37. h7+ Kxh7 38. g6+ Kg8 39. Re8+ Nf8 40. g7
Qb1+ 41. Kh2 Qh7+ 42. Qh3 Qxh3+ 43. Kxh3 Kxg7 44. Ra8 Rxc4 45. Rxa6 Kf7 46. Rc6
Ne6 47. a5 Rb4 48. Rb6 Ra4 49. a6 Kf6 50. b3 Ra3 51. Kg4 Ke5 52. b4 c4 53. f4+
Nxf4 54. Rc6 Nd5 55. b5 Kd4 56. b6 Nxb6 57. Rxb6 Kc5 58. Rb7 Rxa6 59. Kf5 Rd6
60. Ke5 Rd8 61. Rc7+ Kb4 62. Ke4 c3 63. Ke3 Kb3 64. Rb7+ Ka2 65. Rc7 Kb2 66.
Rb7+ Kc1 67. Rc7 c2 68. Ke2 Re8+ 69. Kd3 Kd1 70. Rxc2 Rd8+ 71. Kc3 Rc8+ 0-1

[Event "2.BLO 1516 AE Magdeburg - Nickelhütte "]
[Site "?"]
[Date "2015.12.13"]
[Round "6.6"]
[White "Schoene, Maria"]
[Black "Spiess, Gunter"]
[Result "1/2-1/2"]
[WhiteElo "2274"]
[BlackElo "2413"]
[PlyCount "84"]
[EventDate "2015.??.??"]

1. e4 e6 2. d4 d5 3. Nc3 Nf6 4. Bg5 dxe4 5. Nxe4 Be7 6. Bxf6 gxf6 7. Bd3 f5 8.
Nc3 Bf6 9. Nge2 Nc6 10. Bb5 O-O 11. Bxc6 bxc6 12. O-O Rb8 13. Na4 Qd5 14. c3
Rd8 15. Qc2 Ba6 16. Rfe1 Be7 17. Nf4 Qd6 18. Nh5 Kh8 19. b3 Qa3 20. Qd2 Rg8 21.
Qe3 Qd6 22. Nc5 Bc8 23. f4 Rg6 24. Qf2 Bd7 25. Re2 Rbg8 26. Qe3 Bc8 27. Rae1
Qd5 28. Ng3 Bh4 29. c4 Qd6 30. Rd1 Bxg3 31. hxg3 Rxg3 32. Qe5+ R8g7 33. Rd3
R3g6 34. Kf1 h6 35. Rh3 Kh7 36. Qe3 Rg8 37. Rd2 Qf8 38. Nd3 f6 39. Nc5 Qd6 40.
Qf3 e5 41. Qf2 e4 42. Qe3 Qf8 1/2-1/2

[Event "2.BLO 1516 AE Magdeburg - Nickelhütte "]
[Site "?"]
[Date "2015.12.13"]
[Round "6.7"]
[White "Wichmann, Cliff"]
[Black "Hansch, Karsten"]
[Result "1/2-1/2"]
[WhiteElo "2337"]
[BlackElo "2255"]
[PlyCount "63"]
[EventDate "2015.??.??"]

1. Nf3 Nf6 2. c4 g6 3. Nc3 Bg7 4. d4 O-O 5. e4 d6 6. Be2 e5 7. Be3 Ng4 8. Bg5
f6 9. Bc1 Nc6 10. d5 Nd4 11. h3 Nxf3+ 12. Bxf3 Nh6 13. h4 Nf7 14. h5 f5 15.
hxg6 hxg6 16. exf5 gxf5 17. Bh5 Qf6 18. Nb5 Bd7 19. Bxf7+ Qxf7 20. Qb3 Bxb5 21.
Qxb5 c6 22. Qb3 b5 23. cxb5 cxd5 24. Bh6 Rac8 25. Bxg7 Kxg7 26. Qe3 Qg6 27. Rc1
Rxc1+ 28. Qxc1 f4 29. Kd2 e4 30. Qc3+ Rf6 31. Qc7+ Rf7 32. Qc3+ 1/2-1/2

[Event "2.BLO 1516 AE Magdeburg - Nickelhütte "]
[Site "?"]
[Date "2015.12.13"]
[Round "6.8"]
[White "Hansch, Stephan"]
[Black "Schnabel, Ralf"]
[Result "1/2-1/2"]
[WhiteElo "2146"]
[BlackElo "2266"]
[PlyCount "48"]
[EventDate "2015.??.??"]

1. d4 f5 2. Nf3 Nf6 3. g3 g6 4. Bg2 Bg7 5. O-O O-O 6. b3 d6 7. Bb2 c6 8. c4 Qc7
9. Nbd2 a5 10. a3 Re8 11. Re1 e5 12. dxe5 dxe5 13. e4 Nbd7 14. b4 c5 15. b5 f4
16. Qc2 fxg3 17. hxg3 Nb6 18. Nf1 Ng4 19. N3h2 Nh6 20. Ne3 Nf7 21. Nhf1 Nd6 22.
Nd5 Nxd5 23. exd5 Bf5 24. Qe2 Qf7 1/2-1/2

[Event "2.BLO 1516 SG Leipzig - Bindl Aktionär"]
[Site "?"]
[Date "2015.12.13"]
[Round "6.1"]
[White "Bindrich, Falko"]
[Black "Voigt, Roland"]
[Result "1/2-1/2"]
[WhiteElo "2583"]
[BlackElo "2448"]
[PlyCount "178"]
[EventDate "2015.??.??"]

1. d4 d6 2. Nf3 g6 3. g3 Bg7 4. Bg2 Nf6 5. O-O O-O 6. a4 c6 7. a5 Qc7 8. Nc3 e5
9. e4 Bg4 10. dxe5 dxe5 11. Be3 Rd8 12. Qe2 Nbd7 13. h3 Be6 14. Ng5 Nf8 15. Na4
Bc8 16. Nc5 h6 17. Nf3 Ne6 18. c3 Nxc5 19. Bxc5 Be6 20. Qe3 Nd7 21. Ba3 Re8 22.
b4 Nf6 23. Rfc1 Red8 24. c4 Ne8 25. Bb2 f6 26. c5 Qd7 27. Kh2 Nc7 28. Bf1 Kh7
29. Qe1 Qf7 30. Rd1 Bc4 31. Nd2 Bb5 32. Bxb5 Nxb5 33. Qe2 Rd7 34. Nc4 Rad8 35.
Rxd7 Qxd7 36. a6 bxa6 37. Rxa6 Qb7 38. Ra4 h5 39. h4 Qf7 40. Ra1 Bh6 41. Kg2
Qe6 42. Ra5 Rd7 43. Ra6 Rc7 44. Qc2 Qc8 45. Ra1 Rd7 46. Qb3 Bg7 47. Na3 Nxa3
48. Rxa3 Rb7 49. Qc4 Qg4 50. Bc1 Qd1 51. Be3 Qb1 52. Rb3 Qa2 53. Qd3 Qa4 54.
Bd2 Rf7 55. b5 cxb5 56. Rxb5 Qa6 57. Qb3 Rf8 58. Rb7 f5 59. exf5 Rxf5 60. Qd5
Rf8 61. Be3 Qf6 62. Rxa7 Kh8 63. Qb7 g5 64. hxg5 Qg6 65. Ra8 Qe6 66. Rxf8+ Bxf8
67. Qf3 Kg8 68. Qe4 Be7 69. Kh2 Bd8 70. Qa8 Qe7 71. c6 Kf7 72. Qb7 Bc7 73. Qc8
Kg6 74. Qg8+ Kf5 75. g6 Kf6 76. Bg5+ Kxg5 77. Qf7 Qf6 78. Kh3 Qxc6 79. Kh2 Qf6
80. Qxc7 Qxf2+ 81. Kh1 Qf3+ 82. Kh2 Qe2+ 83. Kg1 Qd1+ 84. Kh2 Qe2+ 85. Kg1 Kxg6
86. Qd6+ Kf5 87. Qd7+ Ke4 88. Qc6+ Ke3 89. Qc3+ Ke4 1/2-1/2

[Event "2.BLO 1516 SG Leipzig - Bindl Aktionär"]
[Site "?"]
[Date "2015.12.13"]
[Round "6.2"]
[White "Langrock, Hannes"]
[Black "Petr, Martin"]
[Result "1/2-1/2"]
[WhiteElo "2405"]
[BlackElo "2510"]
[PlyCount "75"]
[EventDate "2015.??.??"]

1. d4 e6 2. c4 f5 3. g3 Nf6 4. Bg2 c6 5. Nh3 d6 6. O-O Be7 7. Nc3 O-O 8. e4 e5
9. d5 Nxe4 10. Nxe4 fxe4 11. Bxe4 Bf5 12. Bxf5 Rxf5 13. f4 Nd7 14. Be3 Nb6 15.
dxc6 bxc6 16. fxe5 Rxe5 17. Bd4 Re4 18. Rf4 Rxf4 19. Nxf4 Bf6 20. Qd3 Bxd4+ 21.
Qxd4 Qe7 22. Rd1 Re8 23. b3 Nc8 24. h4 Qf7 25. Qd3 Re5 26. Qf3 Qe8 27. Rd2 Re3
28. Re2 Rxe2 29. Nxe2 Ne7 30. Qe4 Qd7 31. Nf4 d5 32. cxd5 Nxd5 33. Nxd5 cxd5
34. Qe5 h6 35. Kf2 d4 36. Ke2 Qg4+ 37. Kd2 Qf3 38. Qxd4 1/2-1/2

[Event "2.BLO 1516 SG Leipzig - Bindl Aktionär"]
[Site "?"]
[Date "2015.12.13"]
[Round "6.3"]
[White "Neuman, Petr"]
[Black "Solberg, Joachim"]
[Result "1-0"]
[WhiteElo "2426"]
[BlackElo "2232"]
[PlyCount "57"]
[EventDate "2015.??.??"]

1. c4 e5 2. e3 Nf6 3. Nc3 d5 4. cxd5 Nxd5 5. Nf3 Nc6 6. d3 Be7 7. Be2 O-O 8.
O-O Be6 9. Qc2 Qd7 10. a3 Rad8 11. Bd2 f5 12. Nxd5 Bxd5 13. e4 Be6 14. Bc3 fxe4
15. dxe4 Bf6 16. Bb5 Qd6 17. Rac1 Bg4 18. Bxc6 Qxc6 19. Nxe5 Bxe5 20. Bxe5 Qxc2
21. Rxc2 c6 22. f4 Rd3 23. h3 Be6 24. f5 Bb3 25. Rc3 Rxc3 26. Bxc3 Bc2 27. Rf4
h5 28. Rh4 Bd1 29. g4 1-0

[Event "2.BLO 1516 SG Leipzig - Bindl Aktionär"]
[Site "?"]
[Date "2015.12.13"]
[Round "6.4"]
[White "Richter, Leonard"]
[Black "Cech, Pavel"]
[Result "1/2-1/2"]
[WhiteElo "2307"]
[BlackElo "2376"]
[PlyCount "81"]
[EventDate "2015.??.??"]

1. e4 e6 2. d4 d5 3. Nc3 Bb4 4. e5 c5 5. dxc5 Ne7 6. Nf3 Nbc6 7. Bd3 Ng6 8. O-O
Ngxe5 9. Nxe5 Nxe5 10. Bf4 Bxc3 11. bxc3 Nxd3 12. cxd3 O-O 13. Qa4 Bd7 14. Qb4
Bc6 15. Bd6 Re8 16. Rfe1 f6 17. d4 b6 18. f4 Qd7 19. Re3 bxc5 20. dxc5 Qb7 21.
Rae1 Qxb4 22. cxb4 a5 23. b5 Bxb5 24. Rxe6 Rxe6 25. Rxe6 Re8 26. Rxe8+ Bxe8 27.
Kf2 d4 28. Ke2 Bb5+ 29. Kd2 Kf7 30. a4 Bxa4 31. Kd3 Bc6 32. g3 a4 33. Kxd4 a3
34. Kc3 Bd5 35. c6 a2 36. Kb2 Bxc6 37. Kxa2 Ke6 38. Bf8 g5 39. fxg5 fxg5 40. h4
gxh4 41. gxh4 1/2-1/2

[Event "2.BLO 1516 SG Leipzig - Bindl Aktionär"]
[Site "?"]
[Date "2015.12.13"]
[Round "6.5"]
[White "Krensing, Jan"]
[Black "Rausch, Stephan"]
[Result "1/2-1/2"]
[WhiteElo "2328"]
[BlackElo "2276"]
[PlyCount "107"]
[EventDate "2015.??.??"]

1. d4 d5 2. c4 c6 3. Nc3 Nf6 4. Nf3 dxc4 5. a4 Bf5 6. e3 e6 7. Bxc4 Bb4 8. O-O
O-O 9. Qb3 Qe7 10. Bd2 c5 11. Rfe1 Nc6 12. dxc5 Bxc5 13. Bb5 Na5 14. Qa2 a6 15.
Bf1 Nc6 16. Rac1 Rfd8 17. h3 Bd3 18. Red1 Bxf1 19. Kxf1 e5 20. Be1 Bb4 21. Qb1
Qe6 22. Rxd8+ Rxd8 23. Ne4 Bxe1 24. Nxf6+ Qxf6 25. Nxe1 e4 26. Qxe4 Qd6 27. Nf3
h6 28. Kg1 Qd7 29. Qc4 Qd6 30. Qc3 Qd5 31. b4 Rc8 32. Qb2 Ne7 33. Nd4 Rc4 34.
Rc3 Ng6 35. Rxc4 Qxc4 36. Qb3 Qc1+ 37. Kh2 Qf1 38. Qc2 Nh4 39. f3 g6 40. Qd2
Qb1 41. e4 Qa1 42. a5 Qf1 43. e5 Qc4 44. e6 fxe6 45. Qf4 Nf5 46. Qb8+ Kf7 47.
Nxf5 gxf5 48. Qxb7+ Ke8 49. Qb8+ Kd7 50. f4 Qf1 51. Qa7+ Kd6 52. Qd4+ Kc6 53.
Qc5+ Kd7 54. Qd4+ 1/2-1/2

[Event "2.BLO 1516 SG Leipzig - Bindl Aktionär"]
[Site "?"]
[Date "2015.12.13"]
[Round "6.6"]
[White "Schoeneberg, Manfred"]
[Black "Wall, Gavin"]
[Result "1/2-1/2"]
[WhiteElo "2244"]
[BlackElo "2333"]
[PlyCount "52"]
[EventDate "2015.??.??"]

1. e4 e5 2. Bc4 Nf6 3. d3 Nc6 4. Nc3 Na5 5. Bb3 Nxb3 6. axb3 d5 7. exd5 Nxd5 8.
Nxd5 Qxd5 9. Qf3 Be6 10. Qxd5 Bxd5 11. f3 a5 12. Ne2 b6 13. Be3 f5 14. O-O
O-O-O 15. d4 f4 16. Bf2 g5 17. c4 Bf7 18. d5 Bb4 19. Nc3 Bg6 20. Rfe1 Rhe8 21.
Re2 Bd3 22. Rd2 e4 23. Re1 b5 24. cxb5 Rxd5 25. fxe4 Rd7 26. b6 cxb6 1/2-1/2

[Event "2.BLO 1516 SG Leipzig - Bindl Aktionär"]
[Site "?"]
[Date "2015.12.13"]
[Round "6.7"]
[White "Havlikova, Kristyna"]
[Black "Schunk, Thomas"]
[Result "1-0"]
[WhiteElo "2324"]
[BlackElo "2197"]
[PlyCount "77"]
[EventDate "2015.??.??"]

1. e4 d6 2. d4 Nf6 3. Nc3 g6 4. f4 Bg7 5. Nf3 O-O 6. Bd3 c5 7. dxc5 dxc5 8. e5
Ng4 9. h3 Nh6 10. Be3 Qa5 11. O-O Nc6 12. Ne4 Nf5 13. Bxc5 Ng3 14. b4 Nxb4 15.
Bxb4 Qxb4 16. Nxg3 Qxf4 17. Qe1 Be6 18. Rb1 a5 19. Rxb7 Bxa2 20. Rxe7 Rfb8 21.
c3 Bf8 22. Rc7 Bg7 23. Ne4 a4 24. Qe2 Bb3 25. Nc5 Bd5 26. Nd7 Rd8 27. Nb6 a3
28. Nxd5 Rxd5 29. Bc4 Rad8 30. Bxd5 Rxd5 31. Nd4 Qg3 32. Rc8+ Bf8 33. Ne6 fxe6
34. Rcxf8+ Kg7 35. R8f7+ Kh6 36. Qf2 Qxe5 37. Qh4+ Qh5 38. Qxh5+ gxh5 39. Ra7
1-0

[Event "2.BLO 1516 SG Leipzig - Bindl Aktionär"]
[Site "?"]
[Date "2015.12.13"]
[Round "6.8"]
[White "Schultz, Andreas"]
[Black "Wetscherek, Andreas"]
[Result "1/2-1/2"]
[WhiteElo "2258"]
[BlackElo "2319"]
[PlyCount "97"]
[EventDate "2015.??.??"]

1. d4 Nf6 2. c4 g6 3. Nc3 d5 4. Bg5 Ne4 5. Bh4 Nxc3 6. bxc3 dxc4 7. e3 Be6 8.
Nf3 Bg7 9. Be2 O-O 10. O-O Nd7 11. Rb1 Nb6 12. a4 a5 13. Nd2 Qd7 14. Rb5 Bd5
15. Qa1 e5 16. Rc5 exd4 17. cxd4 Rfe8 18. Nxc4 Bxc4 19. Bxc4 Bf8 20. Bb3 Bxc5
21. dxc5 Nd5 22. Rd1 c6 23. Qd4 Qf5 24. Bxd5 Qxd5 25. Qxd5 cxd5 26. Bf6 Re4 27.
Bd4 f5 28. Rb1 Re7 29. h4 Kf7 30. g3 Ra6 31. Kf1 h6 32. Ke2 g5 33. hxg5 hxg5
34. Rb5 Kg6 35. Kd3 Kh5 36. f3 Kg6 37. Bc3 Kf7 38. f4 Kg6 39. Be5 Rd7 40. Kd4
gxf4 41. gxf4 Kf7 42. Rb1 Rh6 43. Rg1 Ke6 44. Rg8 Rh2 45. Rg6+ Ke7 46. Rg7+ Ke6
47. Rg6+ Ke7 48. Rg7+ Ke6 49. Rg6+ 1/2-1/2

[Event "2.BLO 1516 Bad Mergentheim - SF Neuberg"]
[Site "?"]
[Date "2015.12.13"]
[Round "6.1"]
[White "Lubbe, Nikolas"]
[Black "Ikonnikov, Vyacheslav"]
[Result "1/2-1/2"]
[WhiteElo "2513"]
[BlackElo "2538"]
[PlyCount "90"]
[EventDate "2015.??.??"]

1. e4 c5 2. Nc3 Nc6 3. Nge2 Nf6 4. d4 cxd4 5. Nxd4 e5 6. Ndb5 d6 7. Bg5 a6 8.
Na3 b5 9. Nd5 Be7 10. Bxf6 Bxf6 11. c4 b4 12. Nc2 a5 13. Qd3 O-O 14. g3 Be6 15.
Nxf6+ Qxf6 16. Bg2 Rfd8 17. O-O Qe7 18. b3 Qa7 19. Kh1 Qc5 20. f4 f6 21. f5 Bf7
22. g4 a4 23. Qd2 h6 24. h4 Kf8 25. Bf3 Ke7 26. Kg2 Ra7 27. g5 hxg5 28. hxg5
axb3 29. axb3 Rda8 30. Rxa7+ Rxa7 31. g6 Bxc4 32. bxc4 b3 33. Qd5 Ra2 34. Qf7+
Kd8 35. Rh1 Rxc2+ 36. Kg3 Kc8 37. Rh8+ Nd8 38. Qe6+ Kc7 39. Qe7+ Kc6 40. Qe8+
Kb7 41. Qd7+ Qc7 42. Qb5+ Qb6 43. Qd7+ Qc7 44. Qb5+ Qb6 45. Qd7+ Qc7 1/2-1/2

[Event "2.BLO 1516 Bad Mergentheim - SF Neuberg"]
[Site "?"]
[Date "2015.12.13"]
[Round "6.3"]
[White "Wahedi, Ahmad Siar"]
[Black "Panzalovic, Srdjan"]
[Result "1/2-1/2"]
[WhiteElo "2286"]
[BlackElo "2438"]
[PlyCount "28"]
[EventDate "2015.??.??"]

1. e4 e5 2. Nf3 Nc6 3. Bb5 a6 4. Ba4 Nf6 5. d3 d6 6. c3 g6 7. Nbd2 Bg7 8. Nf1
O-O 9. Ng3 b5 10. Bc2 h6 11. O-O Bg4 12. h3 Bd7 13. d4 Nh7 14. dxe5 dxe5
1/2-1/2

[Event "2.BLO 1516 Bad Mergentheim - SF Neuberg"]
[Site "?"]
[Date "2015.12.13"]
[Round "6.4"]
[White "Gasthofer, Alexander"]
[Black "Kuenstler, Christian"]
[Result "1-0"]
[WhiteElo "2442"]
[BlackElo "2223"]
[PlyCount "89"]
[EventDate "2015.??.??"]

1. d4 Nf6 2. Nf3 e6 3. g3 c5 4. Bg2 Nc6 5. O-O cxd4 6. Nxd4 a6 7. c4 Qc7 8. Nc3
d6 9. Bg5 Be7 10. Rc1 Nxd4 11. Qxd4 h6 12. Be3 Bd7 13. Rfd1 O-O 14. b3 Rac8 15.
Qa7 Rb8 16. h3 Kh8 17. Kh2 Kg8 18. Bf3 Kh8 19. Bf4 Rfc8 20. Be3 Rf8 21. Rd3 Kg8
22. a4 Kh8 23. Bf4 Rfc8 24. Rcd1 e5 25. Be3 Bf5 26. R3d2 Re8 27. Qb6 Qc8 28.
Bg2 Nd7 29. Qa7 Nc5 30. Bxc5 dxc5 31. Ne4 Qc7 32. Nd6 Bxd6 33. Rxd6 e4 34. R1d5
Be6 35. Qxc5 Qxc5 36. Rxc5 b5 37. axb5 axb5 38. Rxb5 Rxb5 39. cxb5 Bxb3 40. b6
f5 41. g4 fxg4 42. hxg4 Bc4 43. b7 Bxe2 44. Rc6 Bxg4 45. Ra6 1-0

[Event "2.BLO 1516 Bad Mergentheim - SF Neuberg"]
[Site "?"]
[Date "2015.12.13"]
[Round "6.5"]
[White "Overbeck, Thorsten"]
[Black "Gasthofer, Viktor"]
[Result "1/2-1/2"]
[WhiteElo "2310"]
[BlackElo "2309"]
[PlyCount "108"]
[EventDate "2015.??.??"]

1. d4 d5 2. c4 e6 3. Nc3 Nf6 4. cxd5 exd5 5. Bg5 c6 6. e3 Bf5 7. Qf3 Bg6 8.
Bxf6 Qxf6 9. Qxf6 gxf6 10. Nf3 Nd7 11. Nh4 Be7 12. g3 Nb6 13. f3 f5 14. Ng2 a5
15. Bd3 a4 16. Kf2 Nc8 17. h4 h5 18. Nf4 Nd6 19. b3 b5 20. Bc2 axb3 21. axb3
Kd7 22. Nce2 Kc7 23. Nd3 Nb7 24. Nef4 Bd6 25. Ne5 Bxe5 26. dxe5 Rxa1 27. Rxa1
Rg8 28. b4 Kb6 29. e6 fxe6 30. Nxe6 f4 31. Bxg6 fxe3+ 32. Kxe3 Rxg6 33. Ng5 c5
34. bxc5+ Kxc5 35. Rc1+ Kd6 36. Kd4 Nd8 37. f4 Nc6+ 38. Ke3 Rf6 39. Kd3 Rf8 40.
Ke3 b4 41. Kd3 Ra8 42. Nf7+ Kd7 43. Ne5+ Nxe5+ 44. fxe5 b3 45. Kd4 b2 46. Rb1
Ke6 47. Rxb2 Ra4+ 48. Ke3 Kxe5 49. Rb8 d4+ 50. Ke2 Ra2+ 51. Kf3 Ra3+ 52. Kf2
Ke4 53. Re8+ Kf5 54. Rd8 Ke4 1/2-1/2

[Event "2.BLO 1516 Bad Mergentheim - SF Neuberg"]
[Site "?"]
[Date "2015.12.13"]
[Round "6.6"]
[White "Raps, Johannes"]
[Black "Seifert, Christopher"]
[Result "1-0"]
[WhiteElo "2157"]
[BlackElo "2292"]
[PlyCount "59"]
[EventDate "2015.??.??"]

1. d4 Nf6 2. g3 c5 3. c3 e6 4. Bg2 Nc6 5. Nf3 b5 6. O-O Bb7 7. a4 b4 8. Ne5 Qc8
9. Bg5 Be7 10. Re1 d6 11. Nxc6 Bxc6 12. e4 h6 13. Bxf6 Bxf6 14. d5 Bd7 15. dxe6
Bxe6 16. Qxd6 Rb8 17. Rc1 bxc3 18. Nxc3 Rb6 19. Nb5 Be7 20. Nc7+ Kf8 21. Nxe6+
fxe6 22. Qe5 Kf7 23. Qf4+ Kg8 24. Rc2 Kh7 25. e5 Qe8 26. Be4+ g6 27. Rd1 Rf8
28. Qg4 Rb4 29. f3 Kg7 30. Qxe6 1-0

[Event "2.BLO 1516 Bad Mergentheim - SF Neuberg"]
[Site "?"]
[Date "2015.12.13"]
[Round "6.7"]
[White "Lutz, Klaus-Juergen"]
[Black "Hauke, Christian"]
[Result "1-0"]
[WhiteElo "2277"]
[BlackElo "2191"]
[PlyCount "89"]
[EventDate "2015.??.??"]

1. d4 d6 2. e4 Nf6 3. Nc3 Nbd7 4. f4 e5 5. Nf3 exd4 6. Nxd4 g6 7. Bd3 Bg7 8.
O-O O-O 9. Nf3 Nc5 10. Qe1 Re8 11. Qh4 Nxd3 12. cxd3 Nh5 13. Qf2 f5 14. Re1 c6
15. Bd2 Qb6 16. Be3 Qa5 17. Bd4 Nf6 18. Qc2 fxe4 19. dxe4 Be6 20. Rad1 Kh8 21.
b4 Qa3 22. Kh1 Rad8 23. h3 c5 24. bxc5 dxc5 25. Be5 Rxd1 26. Rxd1 c4 27. Nb5
Qc5 28. Nc7 Re7 29. Ng5 Bg8 30. Bd6 Qc6 31. Bxe7 Qxc7 32. Bd6 Qc6 33. Be5 h6
34. Rd6 Qc5 35. Ne6 Bxe6 36. Rxe6 Nh5 37. Qc3 Kh7 38. Bxg7 Qf2 39. Bd4 Ng3+ 40.
Kh2 Nf1+ 41. Kh1 Ng3+ 42. Qxg3 Qxg3 43. Re8 g5 44. f5 Qe1+ 45. Kh2 1-0

[Event "2.BLO 1516 Bad Mergentheim - SF Neuberg"]
[Site "?"]
[Date "2015.12.13"]
[Round "6.8"]
[White "Kluss, Kai"]
[Black "Schaffer, Hendrik"]
[Result "0-1"]
[WhiteElo "2139"]
[BlackElo "2258"]
[PlyCount "76"]
[EventDate "2015.??.??"]

1. d4 Nf6 2. c4 g6 3. Nc3 Bg7 4. e4 d6 5. f4 O-O 6. Nf3 c5 7. d5 e6 8. Be2 exd5
9. cxd5 Re8 10. e5 dxe5 11. fxe5 Ng4 12. Bg5 Qb6 13. O-O Nxe5 14. d6 Qxb2 15.
Nd5 Bf5 16. Rc1 Nbd7 17. Nc7 Qxa2 18. Nxe5 Bxe5 19. Bc4 Qb2 20. Bxf7+ Kxf7 21.
Rxf5+ gxf5 22. Qh5+ Kg8 23. Nxe8 Qd4+ 24. Kh1 Qg4 25. Qxg4 fxg4 26. Nc7 Rf8 27.
Be7 Rf2 28. Rd1 Ra2 29. Kg1 a6 30. h4 b5 31. Rf1 g3 32. h5 Bd4+ 33. Kh1 Rf2 34.
Re1 Rf5 35. Bh4 Rxh5 36. Re8+ Kf7 37. Re7+ Kg6 38. Re4 Kf5 0-1

[Event "2.BLO 1516 SK Göggingen - MSA Zugzwang"]
[Site "?"]
[Date "2015.12.13"]
[Round "6.1"]
[White "Bromberger, Stefan"]
[Black "Rozentalis, Eduardas"]
[Result "1-0"]
[WhiteElo "2521"]
[BlackElo "2570"]
[PlyCount "33"]
[EventDate "2015.??.??"]

1. e4 c6 2. d4 g6 3. Nc3 d5 4. h3 Bg7 5. Nf3 Nf6 6. e5 Ne4 7. Nxe4 dxe4 8. Ng5
c5 9. Bc4 O-O 10. c3 cxd4 11. cxd4 b5 12. Bb3 Bb7 13. h4 Bd5 14. h5 Nc6 15.
hxg6 hxg6 16. Qg4 Nxd4 17. Rh8+ 1-0

[Event "2.BLO 1516 SK Göggingen - MSA Zugzwang"]
[Site "?"]
[Date "2015.12.13"]
[Round "6.2"]
[White "Nestorovic, Nikola"]
[Black "Kindermann, Stefan"]
[Result "1/2-1/2"]
[WhiteElo "2475"]
[BlackElo "2512"]
[PlyCount "22"]
[EventDate "2015.??.??"]

1. e4 e6 2. d4 d5 3. exd5 exd5 4. Nf3 Bd6 5. c4 Nf6 6. Nc3 O-O 7. c5 Be7 8. Bd3
b6 9. cxb6 axb6 10. h3 c5 11. O-O Nc6 {(=)} 1/2-1/2

[Event "2.BLO 1516 SK Göggingen - MSA Zugzwang"]
[Site "?"]
[Date "2015.12.13"]
[Round "6.3"]
[White "Hertneck, Gerald"]
[Black "Stankovic, Milos"]
[Result "0-1"]
[WhiteElo "2465"]
[BlackElo "2416"]
[PlyCount "72"]
[EventDate "2015.??.??"]

1. d4 Nf6 2. c4 e6 3. Nf3 b6 4. g3 Ba6 5. b3 Bb7 6. Bg2 Bb4+ 7. Bd2 c5 8. Bxb4
cxb4 9. a3 Na6 10. O-O O-O 11. a4 Qc7 12. Nbd2 d6 13. Ne1 Bxg2 14. Kxg2 e5 15.
Nc2 Rac8 16. e4 Qb7 17. d5 Nc5 18. Nxb4 Nfxe4 19. Nxe4 Nxe4 20. Nc6 a5 21. f4
exf4 22. Rxf4 Rce8 23. Qf3 Nc5 24. Rf1 Qd7 25. h4 g6 26. h5 f5 27. hxg6 hxg6
28. g4 Re4 29. Rxe4 Nxe4 30. Qe3 Qg7 31. Nd4 Qe5 32. Ne6 Rf7 33. gxf5 Rh7 34.
Nf4 gxf5 35. Kg1 Qg7+ 36. Ng2 Qh8 0-1

[Event "2.BLO 1516 SK Göggingen - MSA Zugzwang"]
[Site "?"]
[Date "2015.12.13"]
[Round "6.4"]
[White "Arnaudov, G. Petar"]
[Black "Zysk, Robert"]
[Result "1-0"]
[WhiteElo "2464"]
[BlackElo "2400"]
[PlyCount "79"]
[EventDate "2015.??.??"]

1. Nf3 Nf6 2. c4 e6 3. g3 d5 4. Bg2 Be7 5. O-O O-O 6. d4 c6 7. Nbd2 Nbd7 8. Qc2
b6 9. e4 Nxe4 10. Nxe4 dxe4 11. Qxe4 Bb7 12. Rd1 Rc8 13. Bf4 Ba6 14. Qc2 Bb7
15. a4 a5 16. Rac1 Re8 17. h4 h6 18. Ne5 Nxe5 19. Bxe5 Bb4 20. c5 Ba6 21. Qe4
f6 22. Bd6 Qd7 23. Bf4 bxc5 24. dxc5 Qf7 25. Bd6 g6 26. f4 h5 27. Kh2 Kh7 28.
Bh3 Kh8 29. Rc2 Kh7 30. Rd4 Kh8 31. Qe3 Rcd8 32. Re4 Bc8 33. Re2 f5 34. Rd4 Ba6
35. Rc2 Rd7 36. Rc1 Red8 37. Rcd1 Kg7 38. Bg2 Bb7 39. b3 Kh7 40. Be5 1-0

[Event "2.BLO 1516 SK Göggingen - MSA Zugzwang"]
[Site "?"]
[Date "2015.12.13"]
[Round "6.5"]
[White "Gerigk, Erasmus"]
[Black "Pitl, Gregory"]
[Result "1/2-1/2"]
[WhiteElo "2392"]
[BlackElo "2397"]
[PlyCount "25"]
[EventDate "2015.??.??"]

1. e4 e5 2. Nf3 d6 3. d4 exd4 4. Nxd4 Nf6 5. Nc3 Be7 6. Bf4 O-O 7. Be2 c6 8.
Qd2 d5 9. exd5 Nxd5 10. Nxd5 Qxd5 11. Bf3 Qc4 12. Be2 Qd5 13. Bf3 1/2-1/2

[Event "2.BLO 1516 SK Göggingen - MSA Zugzwang"]
[Site "?"]
[Date "2015.12.13"]
[Round "6.6"]
[White "Rooze, Jan"]
[Black "Lammers, Markus"]
[Result "1-0"]
[WhiteElo "2292"]
[BlackElo "2344"]
[PlyCount "97"]
[EventDate "2015.??.??"]

1. e4 d6 2. d4 Nf6 3. Nc3 e5 4. Nf3 Nbd7 5. Bc4 Be7 6. a4 O-O 7. O-O c6 8. h3
exd4 9. Qxd4 Nc5 10. Bf4 Ncxe4 11. Nxe4 d5 12. Nxf6+ Bxf6 13. Be5 dxc4 14. Qxc4
Bxe5 15. Nxe5 Be6 16. Qc3 Qf6 17. a5 Bd5 18. f4 Rfe8 19. Rae1 Re7 20. Qc5 Rae8
21. b3 Qf5 22. c4 Bxg2 23. Kxg2 f6 24. a6 Qc2+ 25. Rf2 Qxb3 26. Re3 Qb6 27.
Qxb6 axb6 28. Nd7 Rxe3 29. axb7 Rd3 30. b8=Q Rxb8 31. Nxb8 Rc3 32. Nxc6 Rxc4
33. Ne7+ Kf7 34. Nd5 Ke6 35. Nxb6 Rd4 36. f5+ Ke5 37. Nc8 Rd7 38. Kg3 Rd3+ 39.
Kg4 Rd4+ 40. Kg3 Rd3+ 41. Kg4 Rd4+ 42. Kh5 Rd3 43. h4 Rd7 44. Nb6 Rd4 45. Rg2
Rb4 46. Nd7+ Kxf5 47. Rxg7 h6 48. Nf8 Re4 49. Ng6 1-0